000 00204 a2200097 4500
020 _a9781490037592
041 _aspa
100 _aMatthew Swain
245 _aMidiario de observacion de pajaros
942 _cK
999 _c27547
_d27547